| 000 | 00000nam##2200000za#4500 |
| 001 | 9.574518 |
| 003 | CaOODSP |
| 005 | 20210624184225 |
| 007 | cr ||||||||||| |
| 008 | 150406|2006||||xxc|||||o f|0| 0 eng|d |
| 040 | |aCaOODSP|beng |
| 043 | |an-cn--- |
| 086 | 1 |aTU3-5/06-22E-PDF |
| 110 | 2 |aTransportation Safety Board of Canada. |
| 245 | 10|aCollision with terrain - Cessna 180H N720CS, Cordingley Lake, Ontario, 19 July 2006 |h[electronic resource] |
| 260 | |aGatineau - Quebec : |bTransportation Safety Board of Canada |c2007. |
| 300 | |a11p.|bcoloured map |
| 490 | 1 |aAviation investigation report |vA06O0186 |
| 500 | |a"The Board authorized the release of this report on 03 April 2008" --p.10. |
| 590 | |a12-33-Supp|b2012-07-18 |
| 775 | 08|tCollision avec le relief du Cessna 180H N720CS au lac Cordingley (Ontario), le 19 juillet 2006 |w(CaOODSP)9.604262 |
| 830 | #0|aAviation investigation report ;|vA06O0186|w(CaOODSP)9.504825 |
| 856 | 40|ahttp://publications.gc.ca|qPDF|s376 KB|uhttps://publications.gc.ca/collections/collection_2012/bst-tsb/TU3-5-06-22-eng.pdf|yA06O0186 |